000
00287nam a2200097Ia 4500
008
210107s9999 xx 000 0 und d
100
_a
Chopra, Sunil ; Meindl, Peter [et. al.]
245
0
_a
Supply Chain Management strategy, planning and operation
260
_a
Delhi
_b
Pearson
942
_c
BK
999
_c
11704
_d
11704